000 00746nam a22002657a 4500
001 BR8803541
003 BR-BrBNA
005 20230928092934.0
007 ta
008 230509b bl.||||| |||| 00| 0 por d
040 _aBR-BrBNA
_bpor
_cBiblioteca Nacional de Agricultura
041 _a(Por)
072 _aF70
090 _ F70 BR8803541
100 1 _aGuimaraes, I.L.
110 1 _aUniversidade Federal Rural do Rio de Janeiro, Itaguai (Brasil). Inst. de Biologia
_911235
245 1 _aSistematizacao vegetal [classificacao vegetal]
250 1 _a3. ed.
260 3 _aItaguai, RJ (Brasil):
_c1979.
300 _a144 p.
650 _aTAXONOMIA VEGETAL
650 _aVARIEDADE
909 _a202309
_bLucia
_c55
_dLucia Elande
942 _cBK
999 _c42093
_d42093